2025 Rap Albums - Picture Quiz - Statistics

General Stats
  • This quiz has been taken 65 times
    25 since last reset
  • The average score is 11 of 20
Answer Stats
Picture Hint Answer % Correct
Playboi Carti MUSIC
87%
Lil Wayne Tha Carter VI
87%
Tyler, The Creator DON’T TAP THE GLASS
78%
Travis Scott JACKBOYS 2
78%
Drake, PARTYNEXTDOOR $ome $exy $ongs 4 U
78%
Freddie Gibbs, The Alchemist Alfredo 2
74%
Cardi B AM I THE DRAMA?
74%
Mac Miller Balloonerism
57%
Malice, Pusha T Let God Sort Em’ Out
57%
JID God Does Like Ugly
52%
YoungBoy Never Broke Again MASA
52%
Lil Tecca DOPAMINE
48%
Central Cee CAN’T RUSH GREATNESS
43%
21 Savage WHAT HAPPENED TO THE STREETS?
39%
Ty Dolla $ign TYCOON
35%
Young Thug UY SCUTI
35%
Earl Sweatshirt Live Laugh Love
26%
Chance The Rapper STAR LINE
26%
Gunna The Last Wun
26%
DJ Premier, Nas Light-Years
17%
No matching quizzes found
Score Distribution
Percent of People with Each Score
Percentile by Number Answered
Your Score History
You have not taken this quiz since the last reset